UBT Library

The limits of economic science : (Record no. 43349)

000 -LEADER
fixed length control field 00577cam a2200217 a 4500
001 - CONTROL NUMBER
control field 3750904
005 - DATE AND TIME OF LATEST TRANSACTION
control field 20180224030537.0
008 - FIXED-LENGTH DATA ELEMENTS--GENERAL INFORMATION
fixed length control field 820621s1983 mau b 001 0 eng
010 ## - LIBRARY OF CONGRESS CONTROL NUMBER
LC control number 82012680
020 ## - INTERNATIONAL STANDARD BOOK NUMBER
International Standard Book Number 0898381169
040 ## - CATALOGING SOURCE
Original cataloging agency DLC
Transcribing agency DLC
Modifying agency DLC
-- OCoLC
041 ## - LANGUAGE CODE
Language code of text/sound track or separate title eng
080 ## - UNIVERSAL DECIMAL CLASSIFICATION NUMBER
Universal Decimal Classification number 330
082 00 - DEWEY DECIMAL CLASSIFICATION NUMBER
Classification number 330 KEN
Edition number 19
100 1# - Rafti
Rafti 52
101 ## - Shkurtesa
Shkurtesa EKO
245 14 - TITLE STATEMENT
Title The limits of economic science :
Statement of responsibility, etc Richard B. McKenzie.
504 ## - BIBLIOGRAPHY, ETC. NOTE
Bibliography, etc Bibliography: p. 119-121.
906 ## - LOCAL DATA ELEMENT F, LDF (RLIN)
a 7
b cbc
c orignew
d 1
e ocip
f 19
g y-gencatlg
942 ## - ADDED ENTRY ELEMENTS (KOHA)
Source of classification or shelving scheme
Item type Books
Holdings
Withdrawn status Lost status Source of classification or shelving scheme Damaged status Not for loan Collection code Permanent location Current location Shelving location Date acquired Total Checkouts Full call number Barcode Date last seen Price effective from Koha item type
          Koleksioni i përgjithshem UBT - Lipjan UBT - Lipjan Koleksioni i përgjithshem 02/24/2018   330 KEN 002-2999646 02/24/2018 02/24/2018 Books
UBT Library © 2015-2024. All rights reserved University Education for Business and Technology